NABI YUNUS A.S. DISELAMATKAN NUN : Prophet Yunus (pbuh) Saved by a Fish

Bibliographic Details
Main Author: Norul Azila Arifin (Author)
Format: Book
Published: Batu Caves, Selangor : PUSTAKA AL-EHSAN [2016?]
Series:Koleksi 25 nabi
Subjects:

MARC

LEADER 00000cam a2200000 7i4500
001 0000122021
005 20170320.0
008 170317t20162016my a j 000 0 bme
020 |a 9789833204137 
040 |a PERPUSTAM   |b eng   |c PERPUSTAM   |e rda 
090 0 0 |a J 297.246   |b NOR 
100 1 |a Norul Azila Arifin ,   |e author 
245 1 0 |a NABI YUNUS A.S. DISELAMATKAN NUN :   |b Prophet Yunus (pbuh) Saved by a Fish   |c Norul Azila Arifin 
246 0 |a Prophet Yunus (pbuh) saved by a fish 
264 3 1 |a Batu Caves, Selangor :   |b PUSTAKA AL-EHSAN   |c [2016?] 
300 |a 16 pages :   |b colour illustrations ;   |c 25 cm. 
336 |a text, rdacontent 
337 |a unmediated  |2 rdamedia 
338 |a volume  |2 rdacarrier 
490 1 |a KOLEKSI 25 NABI   |v 21 
650 0 |a Prophets in the Qur'an   |v Juvenile literature 
650 0 |a Prophets, Pre-Islamic   |v Juvenile literature 
830 0 |a Koleksi 25 nabi 
999 |a 0000430630   |b Buku   |c Koleksi Pinjaman Kanak-Kanak   |e Perbadanan Perpustakaan Awam Melaka 
999 |a 0000430631   |b Buku   |c Koleksi Pinjaman Kanak-Kanak   |e Perpustakaan Cawangan Jasin 
999 |a 0000430632   |b Buku   |c Koleksi Pinjaman Kanak-Kanak   |e Perpustakaan Cawangan Masjid Tanah 
999 |a 0000430633   |b Buku   |c Koleksi Pinjaman Kanak-Kanak   |e Perpustakaan Cawangan Merlimau 
999 |a 0000430634   |b Buku   |c Koleksi Pinjaman Kanak-Kanak   |e Perbadanan Perpustakaan Awam Melaka 
999 |a 0000430635   |b Buku   |c Koleksi Pinjaman Kanak-Kanak   |e Perbadanan Perpustakaan Awam Melaka 
999 |a 0000430636   |b Buku   |c Koleksi Pinjaman Kanak-Kanak   |e Perbadanan Perpustakaan Awam Melaka 
999 |a 0000430637   |b Buku   |c Koleksi Pinjaman Kanak-Kanak   |e Perbadanan Perpustakaan Awam Melaka 
999 |a 0000430638   |b Buku   |c Koleksi Pinjaman Kanak-Kanak   |e Perbadanan Perpustakaan Awam Melaka 
999 |a 0000430639   |b Buku   |c Koleksi Pinjaman Kanak-Kanak   |e Perbadanan Perpustakaan Awam Melaka